000
00457nam a2200145Ia 4500
008
090122s9999 xx 000 0 und d
082
_b
6324
_a
891.4681
100
_a
कुसुमाग्रज
_b
(बालकवी
_c
ठोंबरे)
245
_a
फुलराणी
600
_a
कुसुमाग्रज
630
_a
फुलराणी
700
_a
कुसुमाग्रज
730
_a
फुलराणी
942
_c
BOOK
999
_c
30401
_d
30401